000 00274nam a22001217a 4500
082 _a823
_bSTI/F
100 _aSTIVE, R L
245 _aFEAR STREET - THE DARE
260 _aLONDON
_bPOCKET BOOKS
_c1994
300 _a149
650 _aENGLISH STORY
_zUNITED KINGDOM
942 _cBK
999 _c7296
_d7296